Random House college thesaurus / (Record no. 13024)

MARC details
000 -LEADER
fixed length control field 01151cam a2200313 a 4500
001 - CONTROL NUMBER
control field 12110367
003 - CONTROL NUMBER IDENTIFIER
control field mut
005 - DATE AND TIME OF LATEST TRANSACTION
control field 20240606081240.0
008 - FIXED-LENGTH DATA ELEMENTS--GENERAL INFORMATION
fixed length control field 000718s2001 nyu d 000 0 eng
010 ## - LIBRARY OF CONGRESS CONTROL NUMBER
LC control number 00059097
020 ## - INTERNATIONAL STANDARD BOOK NUMBER
International Standard Book Number 067941780X
040 ## - CATALOGING SOURCE
Original cataloging agency DLC
Transcribing agency DLC
Modifying agency DLC
050 00 - LIBRARY OF CONGRESS CALL NUMBER
Classification number PE 1591
Item number .R33 1984
082 00 - DEWEY DECIMAL CLASSIFICATION NUMBER
Classification number 423/.1
Edition information 21
245 00 - TITLE STATEMENT
Title Random House college thesaurus /
260 ## - PUBLICATION, DISTRIBUTION, ETC.
Place of publication, distribution, etc. New York :
Name of publisher, distributor, etc. Random House,
Date of publication, distribution, etc. 1984
300 ## - PHYSICAL DESCRIPTION
Extent viii, 820 p. ;
Dimensions 25 cm.
650 #0 - SUBJECT ADDED ENTRY--TOPICAL TERM
Topical term or geographic name entry element English language
General subdivision Synonyms and antonyms.
700 1# - ADDED ENTRY--PERSONAL NAME
Personal name Stein, Jess M.
700 1# - ADDED ENTRY--PERSONAL NAME
Personal name Flexner, Stuart Berg.
700 1# - ADDED ENTRY--PERSONAL NAME
Personal name Pearsons, Enid.
700 1# - ADDED ENTRY--PERSONAL NAME
Personal name Braham, Carol G.
710 2# - ADDED ENTRY--CORPORATE NAME
Corporate name or jurisdiction name as entry element Random House (Firm)
730 0# - ADDED ENTRY--UNIFORM TITLE
Uniform title Random House Webster's college thesaurus.
856 42 - ELECTRONIC LOCATION AND ACCESS
Materials specified Publisher description
Uniform Resource Identifier <a href="http://www.loc.gov/catdir/description/random0413/00059097.html">http://www.loc.gov/catdir/description/random0413/00059097.html</a>
906 ## - LOCAL DATA ELEMENT F, LDF (RLIN)
a 7
b cbc
c orignew
d 1
e ocip
f 20
g y-gencatlg
942 ## - ADDED ENTRY ELEMENTS (KOHA)
Source of classification or shelving scheme Library of Congress Classification
Koha item type Reference
Holdings
Withdrawn status Lost status Source of classification or shelving scheme Damaged status Not for loan Home library Current library Shelving location Date acquired Source of acquisition Total checkouts Full call number Barcode Date last seen Price effective from Koha item type
    Library of Congress Classification   Not for loan Murang'a University of Technology Library Murang'a University of Technology Library Reference 09/10/2017 Donation-TFC   Ref PE 1591 .R33 1984 013472 18/09/2024 09/10/2017 Reference